02080 a2200229 45000010006000000050017000060080041000230030015000640400040000790800109001192450029002280200022002572640034002793000019003135051281003321000024016137000019016377000034016567000033016907000028017238560099017514721120260407155740.0260407a1995 arg spa dAR-UNSa-BCEJYS aAR-UNSa-BCEJYSbspacAR-UNSa-BCEJYS a339.9xEconomía internacional en general. Relaciones económicas internacionales. Economía mundial 10aEconomía Internacional a978-958-600-248-6 1aBogotá :bMcGraw-Hillc1995 a815 p.c23 cm. a1. Introducción - 2. Ley de la ventaja comparativa - 3. Teoría fundamental del comercio internacional - 4. Demanda y oferta, curvas de oferta, y términos de intercambio - 5. Dotaciones de los factores de producción y la teoría de Heckscher-Ohlin - 6. Economías de escala, competencia imperfecta y comercio internacional - 7. Crecimiento económico y comercio internacional - 8. Restricciones comerciales : aranceles - 9. Barreras comerciales no arancelarias y neoproteccionismo - 10. Integración económica : uniones aduaneras y áreas de libre comercio - 11. Comercio internacional y desarrollo económico - 12. Movilidad internacional de recursos y empresas multinacionales - 13. Mercados de divisas y tasas de cambio - 14. Balanza de pagos - 15. Mecanismo de ajuste del precio en sistemas de tasas de cambio flexible y fija - 16. Mecanismo ajuste-ingreso y síntesis de los ajustes automáticos - 17. Macroeconomía de una economía abierta : políticas de ajuste - 18. El enfoque monetario y el modelo de equilibrio de portafolio - 19. Tasas de cambio flexibles versus tasas de cambio fijas, el sistema monetario europeo y la coordinación de la política macroeconómica - 20. Sistema monetario internacional : evolución y situación actual. 1 aSalvatore, Dominick1 aCano, Leonardo1 aMejia Duque, María Victoria1 aVillamizar, Germán Alberto1 aBahamón, Luis Alfonso41uhttps://www.biblioeco.unsa.edu.ar/pmb/images/libros/L127434.jpgyImagen de portadaqimage/jpeg